000 00444nam a2200181Ia 4500
001 23847
005 20260414151005.0
008 260414t2018||||xx |||||||||||||| ||spa||
041 _aESP
082 _a720.1
_bCH554
100 _aChing, Francis D. K.
_eAUT
245 0 _aArquitectura :
_bforma, espacio y orden
260 _c2018
300 _axiii, 446 páginas :
_c30 cm.
650 _aABD
654 _aCAU
942 _cLIB
_dJUS
_fJUS
_2ddc
_n
999 _c23847
_d23847